|
|
|
|
| LEADER |
00000nam0a2200000 4500 |
| 001 |
90112 |
| 005 |
20231101213709.0 |
| 010 |
|
|
|a 571370100X
|
| 035 |
|
|
|a (RuTPU)RU\TPU\book\96648
|
| 035 |
|
|
|a RU\TPU\book\77440
|
| 090 |
|
|
|a 90112
|
| 100 |
|
|
|a 20060206d2005 km y0rusy50 ca
|
| 101 |
0 |
|
|a rus
|
| 102 |
|
|
|a RU
|
| 105 |
|
|
|a a z 000zd
|
| 200 |
1 |
|
|a АэроМастер* 9-10
|e научно-популярный альманах о легкомоторной авиации, катерах, яхтах и моторах
|f Авиационная корпорация
|
| 210 |
|
|
|a Новосибирск
|c Авиационная корпорация
|d 2005
|
| 215 |
|
|
|a 400 с.
|c ил.
|
| 600 |
|
1 |
|a Коандэ
|b А.
|c румынский инженер-изобретатель
|c родоначальник реактивной авиации
|f 1886-1972
|g Анри
|2 stltpush
|3 (RuTPU)RU\TPU\pers\15871
|9 5536
|
| 600 |
|
1 |
|a Нестеров
|b П. Н.
|c российский военный летчик
|c основоположник высшего пилотажа
|f 1887-1914
|g Петр Николаевич
|2 stltpush
|3 (RuTPU)RU\TPU\pers\13413
|9 4068
|
| 606 |
|
|
|a Авиастроение
|2 stltpush
|3 (RuTPU)RU\TPU\subj\106
|9 29139
|
| 610 |
1 |
|
|a самолеты
|
| 610 |
1 |
|
|a реактивные самолеты
|
| 610 |
1 |
|
|a 20 век
|
| 610 |
1 |
|
|a сверхлетная авиация
|
| 610 |
1 |
|
|a конструкторы
|
| 610 |
1 |
|
|a конструкции
|
| 610 |
1 |
|
|a схемы
|
| 610 |
1 |
|
|a советские истребители
|
| 610 |
1 |
|
|a Миг-3
|
| 610 |
1 |
|
|a Лагг-3
|
| 610 |
1 |
|
|a Ла-5
|
| 610 |
1 |
|
|a Тунгусский метеорит
|
| 610 |
1 |
|
|a Цусима
|
| 610 |
1 |
|
|a Великая Отечественная война 1941-1945
|
| 610 |
1 |
|
|a герои
|
| 610 |
1 |
|
|a воздушный бой
|
| 610 |
1 |
|
|a бытовые конфликты
|
| 610 |
1 |
|
|a здоровье
|
| 610 |
1 |
|
|a сердечные заболевания
|
| 675 |
|
|
|a 629.73.002
|v 3
|
| 712 |
0 |
2 |
|a Авиационная корпорация
|2 stltpush
|3 (RuTPU)RU\TPU\col\2441
|9 23681
|
| 801 |
|
1 |
|a RU
|b 63413507
|c 20050128
|g PSBO
|
| 801 |
|
2 |
|a RU
|b 63413507
|c 20180306
|g PSBO
|
| 942 |
|
|
|c BK
|